Illustrated genera of Trichomycetes Fungal symbionts of insects and other artropods

Gorde:
Xehetasun bibliografikoak
Egile nagusia: J K MISRA
Formatua: Liburua
Hizkuntza:Undetermined
Argitaratua: Enfield, New Hampshire Science 2000
Gaiak:
Etiketak: Etiketa erantsi
Etiketarik gabe, Izan zaitez lehena erregistro honi etiketa jartzen!
Thư viện lưu trữ: Trung tâm Học liệu Trường Đại học Cần Thơ
LEADER 00532nam a2200181Ia 4500
001 CTU_48962
008 210402s9999 xx 000 0 und d
082 |a 579.53 
082 |b M678 
100 |a J K MISRA 
245 0 |a Illustrated genera of Trichomycetes 
245 0 |b Fungal symbionts of insects and other artropods 
245 0 |c J K MISRA, Robert W. Lichtwardt 
260 |a Enfield, New Hampshire 
260 |b Science 
260 |c 2000 
650 |a Trichomycetes 
980 |a Trung tâm Học liệu Trường Đại học Cần Thơ